Statistics for Word Scramble - Football Clubs

Click here to take the quiz!

General Stats

  • This quiz has been taken 39 times
  • The average score is 12 of 20

Answer Stats

Club% Correct
Barcelona
100%
Lille
100%
Lyon
100%
Milan
100%
Napoli
100%
Ajax
83%
Zenit
80%
Porto
75%
Chelsea
60%
Juventus
60%
Manchester City
60%
Benfica
50%
Borussia Dortmund
50%
Celtic
50%
Leipzig
50%
Valencia
50%
Atalanta
40%
Dynamo Kyiv
40%
Real Madrid
40%
Inter Milan
33%
Liverpool
33%
Manchester United
33%
Salzburg
33%
Sevilla
33%
Tottenham Hotspur
33%
Atletico Madrid
25%
Bayern Munich
25%
Arsenal
0%
Bayer Leverkusen
0%
Dinamo Zagreb
0%
Everton
0%
Paris Saint Germain
0%
Shakhtar Donetsk
0%

Score Distribution

Percentile by Number Answered

Percent of People with Each Score

Your Score History

You have not taken this quiz